Damaged and Destroyed Cities - Statistics

General Stats
  • This quiz has been taken 44,723 times
    44,665 since last reset
  • The average score is 13 of 20
Answer Stats
Year Hint City % Correct
1945 Struck by an atomic bomb Hiroshima
96%
1945 Struck by an atomic bomb Nagasaki
94%
1986 Abandoned after a nuclear meltdown Chernobyl
87%
79 Destroyed by Mt. Vesuvius Pompeii or Herculaneum
85%
2005 Flooded by Hurricane Katrina New Orleans
81%
845 Plundered by Vikings who sailed up the Seine Paris
81%
1666 Burned after a fire that started in Pudding Lane London
80%
455 Sacked by the Vandals Rome
73%
1923 Devastated by the Great Kanto Earthquake Tokyo
70%
1204 Sacked during the Fourth Crusade, as crusaders forgot about the Holy Land and instead looted this greatest of Christian cities Constantinople
66%
480 B.C. Razed by the Persian emperor Xerxes after the Battle of Thermopylae Athens
65%
70 Nearly leveled by the Romans. Its famous temple would never be rebuilt. Jerusalem
60%
1906 Hit by an earthquake followed by a fire San Francisco
59%
1812 Burned by its residents right before Napoleon captured it Moscow
57%
1814 Burned by British Troops during the War of 1812 Washington D.C.
56%
146 B.C. Destroyed by the Romans at the end of the Third Punic War Carthage
54%
1258 Sacked by the Mongols, ending the Islamic Golden Age Baghdad
49%
2010 Struck by an earthquake that killed at least 100,000 people Port-au-Prince
46%
1864 Burned by Union general William Tecumseh Sherman Atlanta
42%
1521 Leveled by Hernan Cortés and the Spanish Tenochtitlan
41%
No matching quizzes found
Score Distribution
Percent of People with Each Score
Percentile by Number Answered
Your Score History
You have not taken this quiz since the last reset